Family chickens raising of pattern farmers in preykabass district, takeo province, (ការចិញ្ចឹមមាន់ជាលក្ខណៈគ្រួសាររបស់កសិករគំរូ នៅស្រុកព្រៃកប្បាស ខេត្តតាកែវ) (Record no. 1786)
[ view plain ]
| 000 -LEADER | |
|---|---|
| fixed length control field | 00656nam a22001577a 4500 |
| 003 - CONTROL NUMBER IDENTIFIER | |
| control field | OSt |
| 005 - DATE AND TIME OF LATEST TRANSACTION | |
| control field | 20151003134743.0 |
| 008 - FIXED-LENGTH DATA ELEMENTS--GENERAL INFORMATION | |
| fixed length control field | 151003b xxu||||| |||| 00| 0 eng d |
| 040 ## - CATALOGING SOURCE | |
| Transcribing agency | RUA |
| 082 ## - DEWEY DECIMAL CLASSIFICATION NUMBER | |
| Classification number | AVM LY 1993 B073 Or.1 |
| 100 ## - MAIN ENTRY--PERSONAL NAME | |
| 9 (RLIN) | 1893 |
| Personal name | LY ROSZAT |
| 245 ## - TITLE STATEMENT | |
| Title | Family chickens raising of pattern farmers in preykabass district, takeo province, (ការចិញ្ចឹមមាន់ជាលក្ខណៈគ្រួសាររបស់កសិករគំរូ នៅស្រុកព្រៃកប្បាស ខេត្តតាកែវ) |
| 260 ## - PUBLICATION, DISTRIBUTION, ETC. (IMPRINT) | |
| Place of publication, distribution, etc. | phnom penh |
| Name of publisher, distributor, etc. | RUA |
| Date of publication, distribution, etc. | 1993 |
| 300 ## - PHYSICAL DESCRIPTION | |
| Extent | ix, 64p. |
| Other physical details | ill. |
| Dimensions | 29cm. |
| 942 ## - ADDED ENTRY ELEMENTS (KOHA) | |
| Source of classification or shelving scheme | |
| Koha item type | AVM |
No items available.